000 00615nam a22002177a 4500
005 20170722134609.0
008 170722b xxu||||| |||| 00| 0 eng d
020 _a9788126921485
_cRs.1695.00
040 _aLoreto College
041 _aEnglish
082 _a519.5
_bGUP
100 _aGupta,K.R.
245 _aStatistical methods in education and psychology
_cK.R.Gupta
260 _aNew Delhi
_bAtlantic Publishers
_c2016
300 _aiv,729p
_b24cm
650 _aEducational statistics
650 _aPsychometrics
650 _aEducational psychology-Statistical methods
850 _aLCLIB
942 _cBK
999 _c41152
_d91631